00326nam a2200109Ia 4500008004100000082001500041100002000056245009200076260002300168300000800191650001700199191201s2011 xx 000 0 und d a519.2bTRP aTRIVEDI, Kishor 0aProbability and Statistics with Reliability, Queuing, and Computer Science Applications aN.DelhibPHIc2011 a624 aM.Tech (ECE)